| 000 | 00000cam 2200000zi 4500 |
| 001 | 9.957806 |
| 003 | CaOODSP |
| 005 | 20251211145648 |
| 006 | m o d f |
| 007 | cr mn||||||||| |
| 008 | 251128t20252025quca o f000 0 eng d |
| 020 | |a9780660799735 |
| 040 | |aCaOODSP|beng|erda|cCaOODSP |
| 041 | |aeng|bfre |
| 043 | |an-cn--- |
| 086 | 1 |aSE3-145/2025E-PDF |
| 245 | 00|aQualitative study of electors for the 45th federal general election : |bresearch report / |cprepared for Elections Canada. |
| 264 | 1|aGatineau, Quebec : |bElections Canada, |c2025. |
| 264 | 4|c©2025 |
| 300 | |a1 online resource (84 pages) : |bcolour illustrations |
| 336 | |atext|btxt|2rdacontent |
| 337 | |acomputer|bc|2rdamedia |
| 338 | |aonline resource|bcr|2rdacarrier |
| 500 | |aIssued also in French under title: Étude qualitative auprès des électeurs pour la 45e élection générale fédérale : rapport de recherche. |
| 500 | |a"Supplier name: Earnscliffe Strategy Group." |
| 500 | |a"Contract number: CW2362237." |
| 500 | |a"Delivery date: June 27, 2025." |
| 500 | |a"Registration number: POR# 002-24." |
| 520 | |a"Earnscliffe Strategy Group (Earnscliffe) is pleased to present this report to Elections Canada summarizing the results of qualitative research aimed at gathering information on perceptions of the electoral process and Elections Canada; reasons for voting or not voting; voting experiences; media consumption and sources; and electors’ opinions and understanding of the Voter Information Campaign for the 45th general election in Canada"--Executive summary, page 1. |
| 546 | |aIncludes some text in French. |
| 610 | 10|aCanada. |bParliament|xElections|xPublic opinion. |
| 610 | 10|aCanada. |bParliament|xElections, 2025. |
| 650 | 0|aElections|zCanada|xPublic opinion. |
| 650 | 0|aVoting|zCanada|xPublic opinion. |
| 650 | 0|aPublic opinion|zCanada. |
| 710 | 2 |aElections Canada, |eissuing body. |
| 710 | 2 |aEarnscliffe Strategy Group, |econsultant. |
| 775 | 08|tÉtude qualitative auprès des électeurs pour la 45e élection générale fédérale : |w(CaOODSP)9.957811 |
| 856 | 40|qPDF|s10.9 MB|uhttps://publications.gc.ca/collections/collection_2025/elections/SE3-145-2025-eng.pdf|z(research report) |
| 856 | 4 |qHTML|sN/A|uhttps://epe.bac-lac.gc.ca/100/200/301/pwgsc-tpsgc/por-ef/elections_canada/2025/002-24-e/index_e.html|z(research report) |
| 856 | 4 |qHTML|sN/A|uhttps://epe.bac-lac.gc.ca/100/200/301/pwgsc-tpsgc/por-ef/elections_canada/2025/002-24-e/index.html|z(complete dataset) |